000 00418cam a22001217a 4500
008 180718b1985 xxu||||| |||| 00| 0 eng d
082 _aXAx5441 V519
100 _aVeena, D.R.
245 _aLow income rural housing: a model for government policy and action: sponsored by the World Bank Under IDBI scheme
_cby D.R. Veena
260 _aDelhi
_bAshish
_c1985
300 _a141p.
650 _aHousing, Rural - India - Gujarat
999 _c356163
_d356163